LEADER 00978nam a2200277 i 4500 001 000000130015 003 CaOOAMICUS 005 20051213000000.0 008 051213s1991 it u000 u ita u 013 $a102748 020 $a88-04-34458-X 040 $aSeMil$bita 100 1 $aRisi, Nelo <1920-2015>.$0(OLS)http://semarc/name/19942 245 10$aMutazioni /$cNelo Risi. 260 $aMilano :$bArnoldo Mondadori Editore,$c1991. 300 $a91 p. ;$c22 cm. 490 0 $aIl nuovo specchio 500 $aFondo Ciprandi. 830 3$aIl nuovo specchio.$0(OLS)http://semarc/title/19883 850 $aSeMil 852 $aSeMil$W1$xVenegono$y1$m1G VI 45$j84095$B84095$CSeMilBibl$Z2$F87618 $81 941 1 $a1 961 $aOmaggio: Ciprandi dott. Paolo 996 $6020$a88-04-34458-X$9(OLS)http://semarc/number/116855 996 $6245$aMutazioni$9(OLS)http://semarc/title/18725 996 $6260$aMilano :$bArnoldo Mondadori Editore$9(OLS)http://semarc/publisher/30056 LEADER 01291nam a2200265 i 4500 001 000000012994 003 CaOOAMICUS 005 20250613103044.0 008 180830s1982 it u000 u ita u 040 $aSeMil$bita 100 1 $aMosca, Gaetano,$d<1858-1941>.$0(OLS)http://semarc/name/6182 245 10$aScritti politici /$cdi Gaetano Mosca ; a cura di Giorgio Sola. 264 1$a[Torino] :$bUnione Tipografico-Editrice Torinese,$c1982. 300 $a2 v. ;$c24 cm. 490 1 $aClassici della politica 650 4$aMosca, Gaetano <1858-1941> - Pensiero politico.$0(OLS)http://semarc/subject/26614 650 4$aPolitica - Teorie.$0(OLS)http://semarc/subject/1691 650 4$aMosca, Gaetano <1858-1941> - Teoria della classe politica.$0(OLS)http://semarc/subject/57186 700 1 $aSola, Giorgio,$d<1946-2007>.$0(OLS)http://semarc/name/6183 774 0 $t1: Teorica dei governi e governo parlamentare.$z88-02-03751-5$w()135122 774 0 $t2: Elementi di scienza politica.$z88-02-03751-5$w()135134 830 0$aClassici della politica .$0(OLS)http://semarc/title/7397 996 $6245$aScritti politici$9(OLS)http://semarc/title/2398 996 $6264$a[Torino] :$bUnione Tipografico-Editrice Torinese$9(OLS)http://semarc/publisher/29887